000 00823nam0a22002651 4500
001 rc\3794898
005 20250530054155.0
021 _aRU
_b[75-62248]
035 _a(NLR Aleph) 007253531
090 _a5230832
_c5230832
100 _a20120311d1975 |||y0rusy50 ca
101 0 _arus
102 _aRU
105 _aa z |||||
200 1 _aУчителю о детях с нарушениями слуха
210 _aМосква
_cПросвещение
_d1975
215 _a143 с.
_cил.
_d20
320 _aСписок лит.: с. 120
606 _aДети слабослышащие
_xМетодика обучения
_2psbo
700 1 _aБоскис
_bР.М.
_gРахиль Марковна
801 0 _aRU
_bNLR
_gpsbo
801 1 _aRU
_bELAR
_2rusmarc
852 _aNLR
_j75-3/5281
942 _cBOOK
980 _aNB